000 01095nam a2200241Ia 4500
003 Ost
005 20260507075453.0
008 260507s9999||||xx |||||||||||||| ||und||
020 _a2047379977
040 _cfsecg
041 _aara
082 _a330
100 _aابوالعلا، يسرى محمد
_eمؤلف
245 0 _aعلم الاقتصاد /
_c يسرى محمد ابوالعلا
260 _aالاسكندرية:
_bدار الفكر الجامعي,
_c2007
300 _a837 صفحة؛
_bإيضاحات ؛
_c24 سم
520 _aمدخل عام في علم الاقتصاد/ التنظيم/النظم الاقتصادية/النظرية العامة في التعاون / الفكر التعاوني /التحليل الاقتصادي الجزئي جهاز الثمن /توزيع الثروة/ النتنمية الاقتصادية/الدخل القومي /البرامج الاقتصادية
653 _aتاريخ الفكر الاقتصادي
653 _aتنظيم
653 _aعلم الاقتصاد
653 _aنظم اقتصادية
942 _cكتاب
999 _c44647
_d44647